A trouble-shooters guide to forestry extension problems (Record no. 9124)

000 -LEADER
fixed length control field 00256nam a22001217a 4500
040 ## - CATALOGING SOURCE
Transcribing agency HS
082 ## - DEWEY DECIMAL CLASSIFICATION NUMBER
Classification number 355
110 ## - MAIN ENTRY--CORPORATE NAME
Corporate name or jurisdiction name as entry element FAO
245 ## - TITLE STATEMENT
Title A trouble-shooters guide to forestry extension problems
260 ## - PUBLICATION, DISTRIBUTION, ETC. (IMPRINT)
Place of publication Rome
Name of publisher FAO
Year of publication 1997
300 ## - PHYSICAL DESCRIPTION
Number of Pages 90p;
942 ## - ADDED ENTRY ELEMENTS (KOHA)
Koha item type សៀវភៅភាសាអង់គ្លេស
952 ## - LOCATION AND ITEM INFORMATION (KOHA)
Withdrawn status [LOCAL, KOHA] 0
952 ## - LOCATION AND ITEM INFORMATION (KOHA)
Withdrawn status [LOCAL, KOHA] 0
952 ## - LOCATION AND ITEM INFORMATION (KOHA)
Withdrawn status [LOCAL, KOHA] 0
Holdings
Permanent Location Date acquired Koha item type Lost status Shelving location Barcode Current Location Full call number
Library Block C2016-08-24សៀវភៅភាសាអង់គ្លេស C191RUA41617Library Block C355 FAO 1997 C191
Library Block C2016-08-24សៀវភៅភាសាអង់គ្លេស C066RUA034845Library Block C355 FAO 1997 C066
Library Block C2016-08-25សៀវភៅភាសាអង់គ្លេស C078RUA036417Library Block C355 FAO 1997 C078
មជ្ឈមណ្ឌលឯការនៃសាកលវិទ្យាល័យភូមិន្ទកសិកម្មចំការដូង

Powered by Koha